| 000 | 00732nam a2200217Ia 4500 | ||
|---|---|---|---|
| 003 | GCL | ||
| 008 | 140319s9999 xx 000 0 ara d | ||
| 040 |
_aGCL / _cGCL |
||
| 082 | 0 | 4 |
_a822.043 _bو ز |
| 100 | 1 | _aابراهيم زكى | |
| 245 | 1 | 0 |
_aزوج مثالى ( مسرحية ) / _cابراهيم زكى |
| 700 | 1 | _aعباس يونس | |
| 700 | 1 | _aوايلد, اوسكار | |
| 260 |
_a[S.N] : _bمؤسسة سجل العرب ، _c1967 |
||
| 300 | _a158 ص | ||
| 490 |
_aسلسلة الالف كتاب _v0 |
||
| 650 | 0 | 4 | _aالادب الانجليزى المترجم |
| 650 | 0 | 4 | _aالمسرحيات الانجليزية المترجمة |
| 650 | 0 | 4 | _aالمسرح الانجليزى المترجم |
| 942 |
_2ddc _cBK |
||
| 999 |
_c35791 _d35791 |
||